[Event "19. Open de la Constitución 2017"]
[Site "San Sebastian de los Reyes ES"]
[Date "2017.12.05"]
[Round "4.11"]
[White "Perez Ordoñez, Jose Ramon"]
[Black "Bello Burguet, Glenier Lazaro"]
[Result "1-0"]
[WhiteElo "2066"]
[BlackElo "1917"]
[PlyCount "77"]
[EventDate "2017.12.02"]
[EventType "swiss"]
[EventRounds "9"]
[EventCountry "ESP"]
[SourceTitle "Ajedrez en Madrid"]
[Source "lmi"]
[SourceDate "2017.12.02"]
[SourceVersion "1"]
[SourceVersionDate "2017.12.16"]
[SourceQuality "1"]

1. Nf3 Nf6 2. c4 g6 3. d4 Bg7 4. Nc3 O-O 5. e4 d6 6. Be2 e5 7. O-O Nc6 8. d5
Ne7 9. b4 Ne8 10. Nd2 f5 11. c5 f4 12. Bg4 h5 13. Bxc8 Nxc8 14. a4 Rf7 15. Ba3
Bf8 16. Qe2 g5 17. f3 Rg7 18. Rfc1 g4 19. Nd1 Ne7 20. Kh1 Ng6 21. Nb2 Nf6 22.
Nd3 Nh4 23. b5 Nh7 24. a5 Ng5 25. b6 g3 26. bxc7 Qc8 27. cxd6 gxh2 28. Nxe5
Bxd6 29. Bxd6 Nf7 30. Nxf7 Rxg2 31. Qxg2+ Nxg2 32. Kxg2 Kxf7 33. Bxf4 Qh8 34.
e5 h1=Q+ 35. Kxh1 Qc8 36. e6+ Ke7 37. Ne4 Qh8 38. Bg5+ Kf8 39. c8=Q+ 1-0

[Event "19. Open de la Constitución 2017"]
[Site "San Sebastian de los Reyes ES"]
[Date "2017.12.05"]
[Round "4.12"]
[White "Rivera Comino, Oscar"]
[Black "Hernandez Ramos, David"]
[Result "1/2-1/2"]
[WhiteElo "1707"]
[BlackElo "2054"]
[PlyCount "92"]
[EventDate "2017.12.02"]
[EventType "swiss"]
[EventRounds "9"]
[EventCountry "ESP"]
[SourceTitle "Ajedrez en Madrid"]
[Source "lmi"]
[SourceDate "2017.12.02"]
[SourceVersion "1"]
[SourceVersionDate "2017.12.16"]
[SourceQuality "1"]

1. d4 e6 2. Bf4 Nf6 3. e3 d5 4. Nf3 c5 5. c3 Nc6 6. Bd3 Be7 7. h3 O-O 8. O-O b6
9. Nbd2 Bb7 10. Ne5 h6 11. Ng4 Nxg4 12. Qxg4 Bg5 13. Bxg5 Qxg5 14. Qe2 Qf6 15.
f4 a5 16. a4 Nb8 17. Bb5 Na6 18. Bd3 Nc7 19. Nf3 cxd4 20. cxd4 Ba6 21. Rfc1
Bxd3 22. Qxd3 Na6 23. Qd2 Rfc8 24. Ne5 Qe7 25. Rxc8+ Rxc8 26. Rc1 Qe8 27. Nd3
f6 28. Rc3 Nb8 29. b3 Rxc3 30. Qxc3 Qc6 31. Qd2 Kf7 32. Kf2 Na6 33. Qc1 Qxc1
34. Nxc1 Ke7 35. Nd3 Kd6 36. Ke2 Nb4 37. Nxb4 axb4 38. Kf3 g6 39. Kg4 Ke7 40.
Kh4 e5 41. g4 exf4 42. exf4 Kf7 43. f5 g5+ 44. Kh5 Kg7 45. h4 Kh7 46. hxg5 hxg5
1/2-1/2

[Event "19. Open de la Constitución 2017"]
[Site "San Sebastian de los Reyes ES"]
[Date "2017.12.05"]
[Round "4.13"]
[White "Anton Quevedo, Andrea"]
[Black "Camarero Izquierdo, Juan Carlos"]
[Result "1-0"]
[WhiteElo "1994"]
[BlackElo "1852"]
[PlyCount "41"]
[EventDate "2017.12.02"]
[EventType "swiss"]
[EventRounds "9"]
[EventCountry "ESP"]
[SourceTitle "Ajedrez en Madrid"]
[Source "lmi"]
[SourceDate "2017.12.02"]
[SourceVersion "1"]
[SourceVersionDate "2017.12.16"]
[SourceQuality "1"]

1. e4 c5 2. Nf3 d6 3. d4 cxd4 4. Nxd4 Nf6 5. Nc3 a6 6. Bg5 e6 7. f4 Nbd7 8. Qf3
Qc7 9. O-O-O b5 10. g4 Bb7 11. Bxf6 Nxf6 12. g5 b4 13. Ncb5 axb5 14. gxf6 Rxa2
15. Kb1 Ra8 16. Qh5 gxf6 17. Bxb5+ Ke7 18. e5 Qa5 19. exd6+ Kxd6 20. Nxe6+ Ke7
21. Rd7+ 1-0

[Event "19. Open de la Constitución 2017"]
[Site "San Sebastian de los Reyes ES"]
[Date "2017.12.05"]
[Round "4.14"]
[White "Rodriguez Bernal, Herman"]
[Black "Unciti Juan, Javier"]
[Result "0-1"]
[WhiteElo "1763"]
[BlackElo "2037"]
[PlyCount "60"]
[EventDate "2017.12.02"]
[EventType "swiss"]
[EventRounds "9"]
[EventCountry "ESP"]
[SourceTitle "Ajedrez en Madrid"]
[Source "lmi"]
[SourceDate "2017.12.02"]
[SourceVersion "1"]
[SourceVersionDate "2017.12.16"]
[SourceQuality "1"]

1. d4 e6 2. Nf3 Nf6 3. Bg5 d5 4. e3 h6 5. Bxf6 Qxf6 6. Bb5+ c6 7. Bd3 Nd7 8. c3
Bd6 9. Nbd2 e5 10. dxe5 Nxe5 11. Nxe5 Bxe5 12. h3 O-O 13. Nf3 Bc7 14. Qc2 c5
15. c4 Ba5+ 16. Nd2 dxc4 17. Bh7+ Kh8 18. O-O-O Bxd2+ 19. Rxd2 g6 20. Qxc4 Be6
21. Qa4 Kxh7 22. g4 c4 23. Rhd1 c3 24. Rc2 cxb2+ 25. Rxb2 Rfc8+ 26. Kb1 Rc4 27.
Qa5 Rac8 28. f4 b6 29. Qb5 Qc3 30. Qxc4 Qxc4 0-1

[Event "19. Open de la Constitución 2017"]
[Site "San Sebastian de los Reyes ES"]
[Date "2017.12.05"]
[Round "4.15"]
[White "Bartolome Martin, Angel"]
[Black "Rodriguez Garcia, Alberto"]
[Result "1-0"]
[WhiteElo "1936"]
[BlackElo "1727"]
[PlyCount "63"]
[EventDate "2017.12.02"]
[EventType "swiss"]
[EventRounds "9"]
[EventCountry "ESP"]
[SourceTitle "Ajedrez en Madrid"]
[Source "lmi"]
[SourceDate "2017.12.02"]
[SourceVersion "1"]
[SourceVersionDate "2017.12.16"]
[SourceQuality "1"]

1. d4 Nf6 2. Bg5 e6 3. e4 h6 4. Bxf6 Qxf6 5. c3 d6 6. Bd3 Nc6 7. Ne2 Be7 8. O-O
e5 9. f4 exd4 10. cxd4 Nxd4 11. Qa4+ Nc6 12. Nbc3 Bd8 13. Rac1 O-O 14. Nd5 Qe6
15. Bc4 Qg4 16. Rc3 Kh8 17. Rg3 Qh5 18. f5 Ne5 19. Nef4 Qh4 20. Rh3 Qg5 21. Rh5
Nxc4 22. Rxg5 hxg5 23. Qxc4 gxf4 24. Nxf4 c6 25. Rf3 d5 26. Qe2 Re8 27. Rh3+
Kg8 28. Qh5 Bb6+ 29. Kf1 Kf8 30. Qg5 f6 31. Rh8+ Ke7 32. Qxg7+ 1-0

[Event "19. Open de la Constitución 2017"]
[Site "San Sebastian de los Reyes ES"]
[Date "2017.12.05"]
[Round "4.16"]
[White "Lopez Orellana, Federico"]
[Black "Largo Barbero, Benito"]
[Result "0-1"]
[WhiteElo "1727"]
[BlackElo "1925"]
[PlyCount "130"]
[EventDate "2017.12.02"]
[EventType "swiss"]
[EventRounds "9"]
[EventCountry "ESP"]
[SourceTitle "Ajedrez en Madrid"]
[Source "lmi"]
[SourceDate "2017.12.02"]
[SourceVersion "1"]
[SourceVersionDate "2017.12.16"]
[SourceQuality "1"]

1. d4 d6 2. e3 g6 3. Nf3 Bg7 4. b3 Nd7 5. Bb2 a6 6. c4 f5 7. Qc2 e5 8. Be2 e4
9. Nfd2 Qe7 10. Nc3 Ngf6 11. Nd5 Nxd5 12. cxd5 Nf6 13. Rc1 Nxd5 14. O-O Be6 15.
Nc4 O-O 16. a4 Rf7 17. Ba3 Qg5 18. f4 Qd8 19. Qd2 g5 20. g3 Bh6 21. a5 gxf4 22.
exf4 Qf6 23. Ne3 Bg7 24. Bb2 c5 25. Nxd5 Bxd5 26. Rfd1 Bxb3 27. Bc4 Bxc4 28.
Rxc4 Qe6 29. Qe2 Rc8 30. Rdc1 Rfc7 31. dxc5 d5 32. Rb4 Bxb2 33. Qxb2 Qe7 34.
Rd1 Qxc5+ 35. Kh1 Qxa5 36. Rxb7 Qc5 37. Rxc7 Rxc7 38. Qe5 d4 39. Qe6+ Kg7 40.
Rb1 e3 41. Rb6 Rf7 42. Qh6+ Kg8 43. Qg5+ Kh8 44. Rb8+ Rf8 45. Qf6+ Kg8 46. Qg5+
Kf7 47. Rb7+ Ke6 48. Qg7 Qd6 49. Rb6 Qxb6 50. Qe5+ Kd7 51. Qg7+ Ke8 52. Qe5+
Kd8 53. Qd5+ Kc8 54. Qa8+ Kd7 55. Qxf8 e2 56. Qf7+ Kd6 57. Qf6+ Kc5 58. Qe5+
Kc4 59. Qxe2+ d3 60. Qa2+ Kc3 61. Qa3+ Kc2 62. Qa2+ Kd1 63. Qa1+ Ke2 64. Qa2+
d2 65. Qc4+ Kf2 0-1

[Event "19. Open de la Constitución 2017"]
[Site "San Sebastian de los Reyes ES"]
[Date "2017.12.05"]
[Round "4.17"]
[White "Llamas Aliste, Alberto"]
[Black "Fernandez Garcia, Ignacio"]
[Result "1-0"]
[WhiteElo "1678"]
[BlackElo "1861"]
[PlyCount "83"]
[EventDate "2017.12.02"]
[EventType "swiss"]
[EventRounds "9"]
[EventCountry "ESP"]
[SourceTitle "Ajedrez en Madrid"]
[Source "lmi"]
[SourceDate "2017.12.02"]
[SourceVersion "1"]
[SourceVersionDate "2017.12.16"]
[SourceQuality "1"]

1. e4 e6 2. d4 d5 3. e5 c5 4. c3 Nc6 5. Nf3 f6 6. Bd3 f5 7. a3 cxd4 8. cxd4 Be7
9. Nc3 a6 10. h4 b5 11. b4 h5 12. Be3 Nh6 13. Bxh6 Rxh6 14. g3 g6 15. Qb3 Qb6
16. Ne2 Bd7 17. O-O Kf7 18. Rac1 Rhh8 19. Rfd1 Rac8 20. Bb1 a5 21. Qe3 axb4 22.
axb4 Rcg8 23. Ng5+ Bxg5 24. Qxg5 Qd8 25. Qe3 g5 26. Bxf5 gxh4 27. Bxe6+ Bxe6
28. Rxc6 Qg5 29. Qf3+ Ke7 30. Nf4 Rh6 31. Rdc1 Rd8 32. Rxe6+ Rxe6 33. Rc7+ Rd7
34. Nxe6 Kxe6 35. Rxd7 Kxd7 36. Qxd5+ Kc8 37. Qc6+ Kb8 38. Qxb5+ Kc8 39. Qc6+
Kb8 40. Qe8+ Kb7 41. Qf7+ Ka8 42. Qf4 1-0

[Event "19. Open de la Constitución 2017"]
[Site "San Sebastian de los Reyes ES"]
[Date "2017.12.05"]
[Round "4.18"]
[White "Alonso Garuti, Luis E"]
[Black "Rial Rodriguez, Marta"]
[Result "1-0"]
[WhiteElo "1816"]
[BlackElo "1509"]
[PlyCount "43"]
[EventDate "2017.12.02"]
[EventType "swiss"]
[EventRounds "9"]
[EventCountry "ESP"]
[SourceTitle "Ajedrez en Madrid"]
[Source "lmi"]
[SourceDate "2017.12.02"]
[SourceVersion "1"]
[SourceVersionDate "2017.12.16"]
[SourceQuality "1"]

1. e4 c5 2. Nf3 d6 3. d4 cxd4 4. Nxd4 Nf6 5. Nc3 g6 6. f3 Bg7 7. Be3 O-O 8. Bc4
Nc6 9. Qd2 Ne5 10. Bb3 Bd7 11. O-O-O Rc8 12. Kb1 a6 13. Bh6 b5 14. Bxg7 Kxg7
15. h4 h5 16. g4 hxg4 17. f4 Nf3 18. Nxf3 gxf3 19. e5 Ne8 20. h5 Bf5 21. hxg6
Bxg6 22. Qh2 1-0

[Event "19. Open de la Constitución 2017"]
[Site "San Sebastian de los Reyes ES"]
[Date "2017.12.05"]
[Round "4.19"]
[White "Minguela Muñoz, Bienvenido"]
[Black "Llamas Martinez, Pablo"]
[Result "1-0"]
[WhiteElo "1813"]
[BlackElo "1433"]
[PlyCount "63"]
[EventDate "2017.12.02"]
[EventType "swiss"]
[EventRounds "9"]
[EventCountry "ESP"]
[SourceTitle "Ajedrez en Madrid"]
[Source "lmi"]
[SourceDate "2017.12.02"]
[SourceVersion "1"]
[SourceVersionDate "2017.12.16"]
[SourceQuality "1"]

1. d4 Nf6 2. c4 g6 3. Nc3 d5 4. cxd5 Nxd5 5. Bd2 Bg7 6. e4 Nxc3 7. bxc3 c5 8.
Bb5+ Bd7 9. Bxd7+ Nxd7 10. Nf3 O-O 11. O-O Rc8 12. Rb1 b6 13. Re1 e5 14. d5 c4
15. Bg5 f6 16. Be3 Nc5 17. Bxc5 Rxc5 18. a4 f5 19. Rb5 Rxb5 20. axb5 f4 21. d6
Qc8 22. Qd5+ Kh8 23. Nxe5 Bxe5 24. Qxe5+ Kg8 25. Qd5+ Kh8 26. d7 Qc7 27. Rd1
Rd8 28. e5 Kg7 29. e6 Kf6 30. Re1 Ke7 31. Qg5+ Kd6 32. Qxf4+ 1-0

[Event "19. Open de la Constitución 2017"]
[Site "San Sebastian de los Reyes ES"]
[Date "2017.12.05"]
[Round "4.21"]
[White "Rodriguez Valdeavaro, Julio C"]
[Black "Martinez Miura, Enrique"]
[Result "1-0"]
[WhiteElo "1847"]
[BlackElo "1643"]
[PlyCount "107"]
[EventDate "2017.12.02"]
[EventType "swiss"]
[EventRounds "9"]
[EventCountry "ESP"]
[SourceTitle "Ajedrez en Madrid"]
[Source "lmi"]
[SourceDate "2017.12.02"]
[SourceVersion "1"]
[SourceVersionDate "2017.12.16"]
[SourceQuality "1"]

1. Nf3 Nf6 2. c4 c6 3. g3 d5 4. Bg2 g6 5. O-O Bg7 6. d4 O-O 7. Qb3 dxc4 8. Qxc4
Nbd7 9. Nc3 Nb6 10. Qb3 Be6 11. Qc2 h6 12. e4 Rc8 13. Rd1 Bg4 14. h3 Bxf3 15.
Bxf3 e6 16. Be3 Qc7 17. Bf4 Qe7 18. b3 Rfd8 19. h4 Nh7 20. h5 g5 21. Be3 Qf6
22. Qe2 Nd7 23. e5 Qe7 24. Ne4 Nb6 25. Nd6 Rc7 26. Be4 f5 27. Bg2 Nc8 28. Nc4
Rf8 29. Bc1 Qf7 30. Ba3 Rd8 31. Rac1 Bf8 32. Bb2 g4 33. f3 Qxh5 34. Kf2 gxf3
35. Bxf3 Qg6 36. Rh1 Rg7 37. Rcg1 Ng5 38. Bh5 Ne4+ 39. Ke1 Qg5 40. g4 Bb4+ 41.
Kd1 Bc3 42. Bc1 Rxd4+ 43. Kc2 Qd8 44. gxf5 exf5 45. Rxg7+ Kxg7 46. Bxh6+ Kxh6
47. Be8+ Kg7 48. Qg2+ Ng3 49. Qxg3+ Rg4 50. Qxc3 Qxe8 51. e6+ Kg6 52. Ne5+ Kg5
53. Nxg4 fxg4 54. Qe5+ 1-0

[Event "19. Open de la Constitución 2017"]
[Site "San Sebastian de los Reyes ES"]
[Date "2017.12.05"]
[Round "4.22"]
[White "Chidichimo, Pedro Jose Maria"]
[Black "Murillo Paz, Pedro P"]
[Result "1-0"]
[WhiteElo "1791"]
[BlackElo "1427"]
[PlyCount "81"]
[EventDate "2017.12.02"]
[EventType "swiss"]
[EventRounds "9"]
[EventCountry "ESP"]
[SourceTitle "Ajedrez en Madrid"]
[Source "lmi"]
[SourceDate "2017.12.02"]
[SourceVersion "1"]
[SourceVersionDate "2017.12.16"]
[SourceQuality "1"]

1. d4 d5 2. Bf4 e6 3. e3 Nf6 4. c3 c5 5. Nf3 Nc6 6. Nbd2 Be7 7. Ne5 Nxe5 8.
dxe5 Nd7 9. Bd3 Qc7 10. Nf3 b6 11. Qe2 Bb7 12. a4 c4 13. Bc2 Nc5 14. Nd4 O-O
15. Qh5 Nd3+ 16. Bxd3 cxd3 17. Qd1 Ba6 18. Qd2 Qd8 19. Nb3 Bg5 20. Nc1 Bxf4 21.
exf4 f6 22. Nxd3 d4 23. Nb4 Bb7 24. Qxd4 Bxg2 25. Rg1 Bb7 26. Rd1 Qe8 27. exf6
g6 28. Qd7 Qxd7 29. Rxd7 Bf3 30. Rg3 Bh5 31. Kd2 Rxf6 32. Ke3 e5 33. fxe5 Re8
34. f4 Bd1 35. Rxd1 h6 36. Nd5 Rf5 37. Rxg6+ Kh7 38. Rdg1 Rfxe5+ 39. fxe5 Rxe5+
40. Kd4 Rxd5+ 41. Kxd5 1-0

[Event "19. Open de la Constitución 2017"]
[Site "San Sebastian de los Reyes ES"]
[Date "2017.12.05"]
[Round "4.23"]
[White "Criado Jimenez, Jose"]
[Black "Perdiguero Herreros, Alejandro"]
[Result "1-0"]
[WhiteElo "1615"]
[BlackElo "1313"]
[PlyCount "53"]
[EventDate "2017.12.02"]
[EventType "swiss"]
[EventRounds "9"]
[EventCountry "ESP"]
[SourceTitle "Ajedrez en Madrid"]
[Source "lmi"]
[SourceDate "2017.12.02"]
[SourceVersion "1"]
[SourceVersionDate "2017.12.16"]
[SourceQuality "1"]

1. c4 Nf6 2. d4 d5 3. cxd5 Nxd5 4. e4 Nf6 5. Nc3 e6 6. Nf3 Bb4 7. Bd3 O-O 8.
O-O Nc6 9. Bc2 b6 10. a3 Be7 11. Qd3 a5 12. e5 Ba6 13. Nb5 Nxe5 14. Nxe5 Qe8
15. Qh3 Bxb5 16. Ng4 g6 17. Re1 Nxg4 18. Qxg4 Qd7 19. Bh6 Rfd8 20. Rad1 Bf6 21.
Be3 e5 22. Qf3 Qe6 23. dxe5 Qxe5 24. Bd4 Qxe1+ 25. Rxe1 Bxd4 26. Bb3 Bc5 27.
Qxf7+ 1-0

[Event "19. Open de la Constitución 2017"]
[Site "San Sebastian de los Reyes ES"]
[Date "2017.12.05"]
[Round "4.24"]
[White "Osuna Osuna, Francisco"]
[Black "Moreno Uribarri, Miguel"]
[Result "0-1"]
[WhiteElo "1565"]
[BlackElo "1582"]
[PlyCount "114"]
[EventDate "2017.12.02"]
[EventType "swiss"]
[EventRounds "9"]
[EventCountry "ESP"]
[SourceTitle "Ajedrez en Madrid"]
[Source "lmi"]
[SourceDate "2017.12.02"]
[SourceVersion "1"]
[SourceVersionDate "2017.12.16"]
[SourceQuality "1"]

1. e4 c5 2. Nc3 d6 3. f4 Nc6 4. Nf3 g6 5. Bc4 Bg7 6. d3 Nf6 7. O-O O-O 8. Qe1
Bg4 9. Qh4 Bxf3 10. Rxf3 e6 11. f5 Ne5 12. Rh3 Nh5 13. Bg5 Bf6 14. fxg6 hxg6
15. Bxf6 Qxf6 16. Qxf6 Nxf6 17. Rf1 Kg7 18. Bb3 a6 19. Ne2 b5 20. a3 c4 21. Ba2
Rh8 22. Rxh8 Rxh8 23. dxc4 bxc4 24. Nc3 Nfg4 25. Rd1 Rd8 26. Re1 Rc8 27. Nd1
Nd7 28. Ne3 Nge5 29. Rd1 Rc6 30. Rd4 Nb6 31. Kf1 f5 32. exf5 gxf5 33. Ke2 Na4
34. b3 Nc3+ 35. Kd2 Nxa2 36. Nxc4 Nc3 37. Kxc3 d5 38. h3 Kf6 39. Kb4 dxc4 40.
bxc4 Nf7 41. c5 e5 42. Rd1 e4 43. h4 Ne5 44. c4 e3 45. Kc3 Rxc5 46. Kd4 e2 47.
Re1 Rxc4+ 48. Ke3 Re4+ 49. Kd2 Nc4+ 50. Kd3 Nxa3 51. Rxe2 Rxe2 52. Kxe2 Nb5 53.
Kd3 a5 54. Kc4 a4 55. Kb4 a3 56. Kb3 f4 57. Ka2 Kg6 0-1

[Event "19. Open de la Constitución 2017"]
[Site "San Sebastian de los Reyes ES"]
[Date "2017.12.05"]
[Round "4.26"]
[White "Martin Rodriguez, Jose Luis"]
[Black "Nuevo Benitez, Miguel Angel"]
[Result "0-1"]
[WhiteElo "1293"]
[BlackElo "1571"]
[PlyCount "36"]
[EventDate "2017.12.02"]
[EventType "swiss"]
[EventRounds "9"]
[EventCountry "ESP"]
[SourceTitle "Ajedrez en Madrid"]
[Source "lmi"]
[SourceDate "2017.12.02"]
[SourceVersion "1"]
[SourceVersionDate "2017.12.16"]
[SourceQuality "1"]

1. e4 d6 2. d4 g6 3. Nc3 Bg7 4. f4 Nf6 5. Bd3 O-O 6. Nf3 c6 7. h4 a5 8. O-O
Nbd7 9. Be3 e5 10. fxe5 dxe5 11. dxe5 Ng4 12. e6 Nxe3 13. Qd2 Nxf1 14. Rxf1
fxe6 15. Ng5 Bd4+ 16. Kh1 Rxf1+ 17. Bxf1 Qf6 18. Bc4 Nb6 0-1

[Event "19. Open de la Constitución 2017"]
[Site "San Sebastian de los Reyes ES"]
[Date "2017.12.05"]
[Round "4.27"]
[White "Karunanithi, Bharath"]
[Black "Quintero Cuervo, Edgar"]
[Result "1-0"]
[WhiteElo "1550"]
[BlackElo "1566"]
[PlyCount "63"]
[EventDate "2017.12.02"]
[EventType "swiss"]
[EventRounds "9"]
[EventCountry "ESP"]
[SourceTitle "Ajedrez en Madrid"]
[Source "lmi"]
[SourceDate "2017.12.02"]
[SourceVersion "1"]
[SourceVersionDate "2017.12.16"]
[SourceQuality "1"]

1. d4 d5 2. Nf3 Nf6 3. c4 e6 4. Nc3 c6 5. Bf4 Bd6 6. Bg5 h6 7. Bh4 Nbd7 8. e3
b6 9. cxd5 exd5 10. Bd3 Bb7 11. a3 c5 12. Bb5 Be7 13. Ne5 g5 14. Bg3 a6 15. Bc6
Qc8 16. Bxb7 Qxb7 17. Qf3 O-O 18. O-O Nxe5 19. Bxe5 Qc6 20. Bxf6 Qxf6 21. Nxd5
Qd6 22. Nxe7+ Qxe7 23. Qc6 Qe6 24. Qxe6 fxe6 25. dxc5 bxc5 26. Rac1 Rac8 27.
Rc4 Rfd8 28. Rfc1 Rd5 29. h3 Kf7 30. b4 Ke7 31. e4 Re5 32. f3 1-0

[Event "19. Open de la Constitución 2017"]
[Site "San Sebastian de los Reyes ES"]
[Date "2017.12.05"]
[Round "4.28"]
[White "Stefanescu, Iulian"]
[Black "De Dompablo Fantova, Juan"]
[Result "1-0"]
[WhiteElo "1721"]
[BlackElo "1686"]
[PlyCount "69"]
[EventDate "2017.12.02"]
[EventType "swiss"]
[EventRounds "9"]
[EventCountry "ESP"]
[SourceTitle "Ajedrez en Madrid"]
[Source "lmi"]
[SourceDate "2017.12.02"]
[SourceVersion "1"]
[SourceVersionDate "2017.12.16"]
[SourceQuality "1"]

1. d4 Nf6 2. c4 g6 3. Nc3 Bg7 4. e4 d6 5. Nf3 O-O 6. Bd3 c5 7. d5 e6 8. Bg5 Qb6
9. Qc2 h6 10. Bd2 exd5 11. exd5 Re8+ 12. Be2 Bf5 13. Qa4 Bd3 14. Kd1 Bxe2+ 15.
Nxe2 Na6 16. Rb1 Qc7 17. Bc3 Ne4 18. Rf1 Qe7 19. Nfg1 Qg5 20. Kc2 Bxc3 21. bxc3
Qd2+ 22. Kb3 Qd3 23. Kb2 Nd2 24. Rbd1 Nxc4+ 25. Kb3 Nd2+ 26. Kb2 Nc4+ 27. Ka1
Qe4 28. f3 b5 29. Qxb5 Rab8 30. Qxb8 Qe7 31. Qb5 Ne3 32. Qxa6 Rb8 33. Qd3 Qb7
34. Rb1 Qxb1+ 35. Rxb1 1-0

[Event "19. Open de la Constitución 2017"]
[Site "San Sebastian de los Reyes ES"]
[Date "2017.12.05"]
[Round "4.29"]
[White "Ojosnegros Martin, Angel"]
[Black "Lozano Hernanz, Rodrigo"]
[Result "1-0"]
[WhiteElo "1519"]
[BlackElo "1242"]
[PlyCount "65"]
[EventDate "2017.12.02"]
[EventType "swiss"]
[EventRounds "9"]
[EventCountry "ESP"]
[SourceTitle "Ajedrez en Madrid"]
[Source "lmi"]
[SourceDate "2017.12.02"]
[SourceVersion "1"]
[SourceVersionDate "2017.12.16"]
[SourceQuality "1"]

1. e4 e5 2. Nf3 Nc6 3. Bc4 Nf6 4. d4 exd4 5. O-O Bc5 6. e5 Ng4 7. Bf4 d6 8.
exd6 Bxd6 9. Re1+ Be7 10. c3 O-O 11. cxd4 Nxd4 12. Nxd4 Bc5 13. Be3 Bb4 14. Nc3
c5 15. Nf3 Be6 16. Bxe6 fxe6 17. Qb3 Qe7 18. Bg5 Qf7 19. Rad1 Rad8 20. Bxd8 h6
21. Rxe6 Re8 22. Rxe8+ Kh7 23. Qxf7 Nf6 24. Qxg7+ Kxg7 25. Bxf6+ Kxf6 26. Nd5+
Kf7 27. Ra8 a6 28. Ne5+ Ke6 29. Re8+ Kf5 30. g4+ Kg5 31. f4+ Kh4 32. Rh8 a5 33.
Rxh6# 1-0

[Event "19. Open de la Constitución 2017"]
[Site "San Sebastian de los Reyes ES"]
[Date "2017.12.05"]
[Round "4.30"]
[White "Gonzalez Morente, Jose A"]
[Black "Mehalingam, Karunanithi"]
[Result "1-0"]
[WhiteElo "1453"]
[BlackElo "1490"]
[PlyCount "117"]
[EventDate "2017.12.02"]
[EventType "swiss"]
[EventRounds "9"]
[EventCountry "ESP"]
[SourceTitle "Ajedrez en Madrid"]
[Source "lmi"]
[SourceDate "2017.12.02"]
[SourceVersion "1"]
[SourceVersionDate "2017.12.16"]
[SourceQuality "1"]

1. d4 Nf6 2. Bg5 e6 3. e4 Be7 4. Nd2 O-O 5. Bd3 d5 6. e5 Nfd7 7. Bxe7 Qxe7 8.
Ngf3 c5 9. c3 f5 10. exf6 Nxf6 11. O-O h6 12. Ne5 Qc7 13. Rc1 Nc6 14. f4 Qb6
15. dxc5 Qxc5+ 16. Kh1 Qd6 17. Qe2 Bd7 18. Nxd7 Qxd7 19. Bb1 Ne7 20. Rce1 Kf7
21. Nf3 Nc6 22. Ne5+ Nxe5 23. fxe5 Ke7 24. exf6+ Rxf6 25. Rxf6 gxf6 26. Bf5 Qd6
27. Qxe6+ Qxe6 28. Bxe6 Kd6 29. Bf5 Kc5 30. h4 b6 31. Re7 a5 32. Rf7 Re8 33.
Rxf6 Re1+ 34. Kh2 Re2 35. b4+ axb4 36. cxb4+ Kxb4 37. Rxb6+ Kc3 38. Rb3+ Kd4
39. a4 Ke5 40. Bh7 d4 41. a5 Ra2 42. Rb5+ Kf4 43. Rd5 Ke3 44. Kh3 Ra4 45. Kg3
Ke2 46. a6 Ke3 47. a7 Rxa7 48. Re5+ Kd2 49. Be4 Rf7 50. Rd5 Ke3 51. Bf5 Rf6 52.
Re5+ Kd2 53. Kf4 Rd6 54. Ke4 Ke2 55. Rd5 Rxd5 56. Kxd5 d3 57. Bxd3+ Kxd3 58. g4
Ke3 59. g5 1-0

[Event "19. Open de la Constitución 2017"]
[Site "San Sebastian de los Reyes ES"]
[Date "2017.12.06"]
[Round "5.1"]
[White "Suarez Uriel, Adrian"]
[Black "Hernando Pertierra, Jose C"]
[Result "1/2-1/2"]
[WhiteElo "2402"]
[BlackElo "2355"]
[PlyCount "90"]
[EventDate "2017.12.02"]
[EventType "swiss"]
[EventRounds "9"]
[EventCountry "ESP"]
[SourceTitle "Ajedrez en Madrid"]
[Source "lmi"]
[SourceDate "2017.12.02"]
[SourceVersion "1"]
[SourceVersionDate "2017.12.16"]
[SourceQuality "1"]

1. e4 c6 2. d4 d6 3. Nc3 g6 4. Be3 b5 5. Qd2 a6 6. f3 Nd7 7. h4 h5 8. Nh3 Ngf6
9. Ng5 Bb7 10. O-O-O Qa5 11. Kb1 Bg7 12. Qf2 Qc7 13. Ne2 Rc8 14. g3 O-O 15. Bh3
e5 16. dxe5 dxe5 17. Rd3 Rce8 18. Rhd1 Re7 19. Bc5 Nxc5 20. Qxc5 Bc8 21. Bxc8
Rxc8 22. Nc1 Bf8 23. Qd6 Kg7 24. Qxc7 Rexc7 25. Rd8 Be7 26. Rxc8 Rxc8 27. c3
Rc7 28. Nd3 Nd7 29. Kc2 c5 30. b3 c4 31. bxc4 Rxc4 32. Nb4 Nc5 33. Nc6 Bxg5 34.
Nxe5 Ra4 35. hxg5 Rxa2+ 36. Kb1 Rg2 37. Rd5 Na4 38. Rd7 Nxc3+ 39. Kc1 Rxg3 40.
Rxf7+ Kg8 41. Rc7 Rxg5 42. Rc8+ Kg7 43. Rc7+ Kg8 44. Rc8+ Kg7 45. Rc7+ Kg8
1/2-1/2

[Event "19. Open de la Constitución 2017"]
[Site "San Sebastian de los Reyes ES"]
[Date "2017.12.06"]
[Round "5.2"]
[White "Martin Duque, Jesus"]
[Black "Quevedo Marin, Manuel"]
[Result "1-0"]
[WhiteElo "2376"]
[BlackElo "2241"]
[PlyCount "113"]
[EventDate "2017.12.02"]
[EventType "swiss"]
[EventRounds "9"]
[EventCountry "ESP"]
[SourceTitle "Ajedrez en Madrid"]
[Source "lmi"]
[SourceDate "2017.12.02"]
[SourceVersion "1"]
[SourceVersionDate "2017.12.16"]
[SourceQuality "1"]

1. e4 e5 2. Nf3 Nc6 3. Bc4 Nf6 4. d3 Be7 5. O-O O-O 6. Re1 d6 7. a4 Kh8 8. c3
h6 9. b4 Bg4 10. Nbd2 Nh7 11. h3 Bh5 12. g4 Bg6 13. Nf1 Ng5 14. Bxg5 Bxg5 15.
Ng3 Bf4 16. Ne2 Qf6 17. Nxf4 Qxf4 18. Nh4 Nd8 19. Re3 Qf6 20. Ng2 Ne6 21. Rf3
Qg5 22. a5 a6 23. Qc1 Qxc1+ 24. Rxc1 c6 25. Bxe6 fxe6 26. Rxf8+ Rxf8 27. c4 Be8
28. c5 d5 29. exd5 exd5 30. Re1 Bg6 31. Rxe5 Bxd3 32. Re7 Bb5 33. Nh4 Rd8 34.
Nf5 Bd3 35. Nd4 Rf8 36. Rxb7 Rf4 37. Nxc6 Rc4 38. f3 Bc2 39. Ne5 Rc3 40. Rd7
Ba4 41. Rxd5 Kg8 42. Rd8+ Kh7 43. Rd6 Re3 44. Rd5 Rb3 45. Rd4 Re3 46. Re4 Rc3
47. Kf2 g5 48. Re3 Rc2+ 49. Re2 Rc3 50. Rd2 Bb5 51. Kg3 Rc1 52. Rd6 Rc2 53. c6
Bf1 54. f4 Rc3+ 55. Kf2 Bb5 56. f5 Rc2+ 57. Ke3 1-0